000 01357cam a22003977a 4500
003 CHAP
005 20220817042518.0
008 971013s1976 r 00010 d
010 _a46813
011 _a47785
035 _a51928
040 _cCHAP
082 _a636.0896
_bV3Y
245 0 _aVademecum del veterinario
_b: formulario veterinario de farmacología terapéutica e higiene
260 _aBarcelona :
_bGEA,
_c1976
300 _a1013 p.
500 _aTrad. de la 13 ed. en francés de
590 _aBATCH-UPD
_b10
_c20130110
_lUCH01
_h0243
590 _aBATCH-UPD
_b10
_c20130110
_lUCH01
_h1129
590 _aBATCH-UPD
_b10
_c20130409
_lUCH01
_h2312
590 _aBATCH-UPD
_b10
_c20130410
_lUCH01
_h1400
590 _aBATCH-UPD
_b10
_c20130914
_lUCH01
_h1312
590 _aCONVERSION
_b10
_c20130109
_lUCH01
_h1326
650 1 4 _aEnfermedades infecciosas en animales.
_936936
650 1 4 _aEpizootias.
_937234
650 1 4 _aGanado
_xEnfermedades.
_944909
650 1 4 _aNutrición animal.
650 1 4 _aVeterinaria.
_9118987
650 1 4 _aVeterinaria
_xDiagnóstico.
_9118992
700 0 _aBrion, A.
_915380
700 0 _aFontaine, M.
_942159
901 _aBK
942 _cLIBRO
949 _a636.0896 V3Y
_bBC
_cC
_d33724000617064
_eC
_fc.2
_gI.132400
_h68641
_i51928
_si
_t7.36
949 _a636.0896 V3Y
_bBC
_cC
_d33724000820973
_eC
_h50754
_i51928
_si
_t7.36
999 _c46813
_d46813